| 000 | 00744cam a2200205 4500 | ||
|---|---|---|---|
| 001 | 3165 | ||
| 005 | 20181127170619.0 | ||
| 008 | 071016s2004 bt b 000 0 eng | ||
| 010 | _a 2007340807 | ||
| 020 | _a9993663301 | ||
| 100 | 1 |
_aUra, Karma, _d1961- |
|
| 245 | 1 | 0 |
_aDeities, archers, and planners in the era of decentralisation / _cKarma Ura. |
| 260 |
_aBhutan : _bKarma Ura, _c2004. |
||
| 300 |
_aii, 323 p. ; _c22 cm. |
||
| 504 | _aIncludes bibliographical references. | ||
| 520 | _aCollection of writings predominantly on socio-cultural life and decentralization in government of Bhutan. | ||
| 650 | 0 |
_aDecentralization in government _zBhutan. |
|
| 651 | 0 |
_aBhutan _xPolitics and government. |
|
| 651 | 0 |
_aBhutan _xSocial life and customs. |
|
| 999 |
_c2553 _d2553 |
||